000 00823nam a2200265Ia 4500
003 OSt
005 20220923213813.0
006 a|||||r|||| 00| 0
007 ta
008 220922b |||||||| |||| 00| 0 hin d
024 _a164,665
037 _cTextual
040 _aARTS
_cARTS
_bhin
041 _2hin
_ahin
082 _aO152,1M89:g, K1;L0
100 _aप्रेमशंकर
245 0 _aप्रसाद का काव्य
246 _aPrasād kā kāvya
250 _aसंस्क0 3
260 _aइलाहाबाद
_b भारती भंडार
_c1970
300 _a8]438पृ.
_ccm.
650 _aहिन्दी साहित्य
_9156264
942 _hO152,1M89:g, K1;L0
_cTEXL
_2CC
999 _c319144
_d319144